|
|
|
|
| LEADER |
00000nam a2200000Ii 4500 |
| 001 |
DIGEDUNAV0058 |
| 003 |
NyNyDIG0 |
| 006 |
m o d |
| 007 |
cr ||||||||||| |
| 008 |
220225s2016 sp o 000 0 spa d |
| 035 |
|
|
|a (OCoLC)1319852138
|
| 040 |
|
|
|a DGITA
|b eng
|e rda
|e pn
|c DGITA
|
| 020 |
|
|
|z 9788431331221
|
| 050 |
1 |
4 |
|a LB1049 ebook
|
| 082 |
0 |
4 |
|a 371.2
|
| 100 |
1 |
|
|a Bes-Rastrollo, Maira,
|e author.
|
| 245 |
1 |
0 |
|a Cómo preparar un examen tipo test /
|c Maira Bes-Rastrollo, Francisco Javier Jiménez-Ruiz, Miguel Ángel Martínez-González.
|
| 264 |
|
1 |
|a Pamplona :
|b EUNSA, Ediciones Universidad de Navarra,
|c [2016]
|
| 300 |
|
|
|a 1 online resource.
|
| 336 |
|
|
|a text
|2 rdacontent
|
| 337 |
|
|
|a computer
|b c
|2 rdamedia
|
| 338 |
|
|
|a online resource
|b cr
|2 rdacarrier
|
| 347 |
|
|
|a text file
|2 rdaft
|
| 347 |
|
|
|b PDF
|
| 588 |
0 |
|
|a Online resource; title from PDF title page (Digitalia, viewed February 25, 2022)
|
| 650 |
|
0 |
|a Study skills.
|
| 650 |
|
0 |
|a Examinations.
|
| 655 |
|
0 |
|a Electronic books.
|
| 700 |
1 |
|
|a Jiménez Ruiz, Francisco Javier,
|e author.
|
| 700 |
1 |
|
|a Martínez-González, Miguel A.
|c (Miguel Ángel),
|e author.
|
| 776 |
0 |
8 |
|i Print version:
|a Bes-Rastrollo, Maira.
|t Cómo preparar un examen tipo test.
|b Tercera edición.
|d Pamplona : EUNSA, Ediciones Universidad de Navarra, Febrero 2016
|z 9788431331221
|
| 791 |
2 |
|
|a Digitalia (Firm),
|e distributor.
|
| 793 |
0 |
|
|g Digitalia eBook Collection:
|a Ediciones Universidad de Navarra
|
| 856 |
4 |
0 |
|3 Digitalia Hispánica
|u https://www.digitaliapublishing.com/a/51365/
|
| 910 |
|
|
|a Premium Collection: 2022
|